| 000 | 00819nam a2200241 a 4500 | ||
|---|---|---|---|
| 001 | 000042106 | ||
| 005 | 20240228103022.0 | ||
| 008 | 131114s2013 dr ac r 000 0 spa d | ||
| 020 | _a9789945165883 | ||
| 040 |
_aDO-SdBNP _bspa _cBNPHU |
||
| 082 |
_a792 _bG216m |
||
| 100 | 1 |
_aGarcía Guerra, Iván, _d1938- _9144 |
|
| 245 | 1 | 0 |
_aManual de dramaturgia / _cIvan García Guerra. |
| 260 |
_aSanto Domingo : _bBuho, _c2013. |
||
| 300 |
_a261 p. : _bil., retrs. ; _c26 cm. |
||
| 500 | _aIncluye datos biográficos del autor en la solapa de la cubierta | ||
| 504 | _aIncluye bibliografía y notas al pie de páginas. | ||
| 504 | _aBibliografía : p. 259-261. | ||
| 590 | _aInventariado, 2018/BT | ||
| 650 | 4 |
_aDramaturgia _969106 |
|
| 650 | 4 |
_aActuación teatral _925438 |
|
| 910 | _aValidado. Control de la calidad. EMS | ||
| 999 |
_c41595 _d41595 |
||